<?xml version="1.0" encoding="UTF-8"?>
<record
    xmlns:xsi="http://www.w3.org/2001/XMLSchema-instance"
    xsi:schemaLocation="http://www.loc.gov/MARC21/slim http://www.loc.gov/standards/marcxml/schema/MARC21slim.xsd"
    xmlns="http://www.loc.gov/MARC21/slim">

  <leader>00960nam a22001937a 4500</leader>
  <controlfield tag="003">LK-CoMWRAF</controlfield>
  <controlfield tag="005">20231220105706.0</controlfield>
  <controlfield tag="008">231220b        |||||||| |||| 00| 0 eng d</controlfield>
  <datafield tag="020" ind1=" " ind2=" ">
    <subfield code="a">9551306007</subfield>
  </datafield>
  <datafield tag="040" ind1=" " ind2=" ">
    <subfield code="a">LK-CoMWRAF</subfield>
    <subfield code="d">LK-CoMWRAF</subfield>
    <subfield code="e">LK-CoMWRAF</subfield>
  </datafield>
  <datafield tag="041" ind1=" " ind2=" ">
    <subfield code="a">sin</subfield>
  </datafield>
  <datafield tag="082" ind1=" " ind2=" ">
    <subfield code="a">303.48</subfield>
    <subfield code="b">RAN</subfield>
  </datafield>
  <datafield tag="100" ind1=" " ind2=" ">
    <subfield code="a">&#xDBB;&#xDB1;&#xDCA;&#xDA2;&#xDB1;&#xDD3;, &#xDC3;&#xDD3;&#xDAD;&#xDCF; </subfield>
  </datafield>
  <datafield tag="245" ind1=" " ind2=" ">
    <subfield code="a">&#xDC3;&#xDD4;&#xDB1;&#xDCF;&#xDB8;&#xDD2; &#xDC0;&#xDB1;&#xDAF;&#xDB9;&#xDD4;&#xDC0;&#xDDD; : </subfield>
    <subfield code="b">&#xD85;&#xDB8;&#xDCA;&#xDB4;&#xDCF;&#xDBB; &#xDAF;&#xDD2;&#xDC3;&#xDCA;&#xDAD;&#xDCA;&#x200D;&#xDBB;&#xDD2;&#xD9A;&#xDCA;&#xD9A;&#xDBA; (&#xDC3;&#xDB8;&#xDCF;&#xDA2;, &#xD86;&#xDBB;&#xDCA; &#xDAE;&#xDD2;&#xD9A; &#xDC4;&#xDCF; &#xD85;&#xDB1;&#xDCF;&#xD9C;&#xDAD; &#xD85;&#xDB7;&#xDD2;&#xDBA;&#xDDD;&#xD9C;&#xDC0;&#xDBD; &#xDB4;&#xDD0;&#xDAD;&#xDD2;&#xD9A;&#xDA9;&#xD9A;&#xDCA;)</subfield>
  </datafield>
  <datafield tag="246" ind1=" " ind2=" ">
    <subfield code="a">Sunami wandambuwo : ampara disthrikkaya (samaja, arthika ha anagatha abhiyogawala pathikadak)</subfield>
  </datafield>
  <datafield tag="260" ind1=" " ind2=" ">
    <subfield code="a">&#xD9A;&#xDDC;&#xDC5;&#xDB9; : </subfield>
    <subfield code="b">&#xDC3;&#xDD2;&#xDBA;&#xDBD;&#xDD4; &#xD86;&#xD9A;&#xDCF;&#xDBB;&#xDBA;&#xDDA; &#xDC0;&#xDD9;&#xDB1;&#xDC3;&#xDCA; &#xD9A;&#xDDC;&#xDA7; &#xDC3;&#xDD0;&#xDBD;&#xD9A;&#xDD3;&#xDB8;&#xDA7; &#xDC4;&#xDCF; &#xDC0;&#xDBB;&#xDCA;&#xD9C;&#xDC0;&#xDCF;&#xDAF;&#xDBA;&#xDA7; &#xD91;&#xDBB;&#xDD9;&#xDC4;&#xDD2; &#xDA2;&#xDCF;&#xDAD;&#xDCA;&#x200D;&#xDBA;&#xDB1;&#xDCA;&#xDAD;&#xDBB; &#xDC0;&#xDCA;&#x200D;&#xDBA;&#xDCF;&#xDB4;&#xDCF;&#xDBB;&#xDBA; </subfield>
    <subfield code="c">2005</subfield>
  </datafield>
  <datafield tag="650" ind1=" " ind2=" ">
    <subfield code="a">&#xDC3;&#xDD4;&#xDB1;&#xDCF;&#xDB8;&#xDD2;</subfield>
  </datafield>
  <datafield tag="942" ind1=" " ind2=" ">
    <subfield code="c">BK</subfield>
  </datafield>
  <datafield tag="952" ind1=" " ind2=" ">
    <subfield code="0">0</subfield>
    <subfield code="1">0</subfield>
    <subfield code="4">0</subfield>
    <subfield code="7">0</subfield>
    <subfield code="a">MAIN</subfield>
    <subfield code="b">MAIN</subfield>
    <subfield code="d">2023-12-20</subfield>
    <subfield code="l">0</subfield>
    <subfield code="o">303.48 RAN</subfield>
    <subfield code="p">RAF4490</subfield>
    <subfield code="r">2023-12-20</subfield>
    <subfield code="w">2023-12-20</subfield>
    <subfield code="y">BK</subfield>
  </datafield>
  <datafield tag="999" ind1=" " ind2=" ">
    <subfield code="c">4535</subfield>
    <subfield code="d">4535</subfield>
  </datafield>
</record>
